Doors Entities - Statistics

General Stats
  • This quiz has been taken 8 times
  • The average score is 23 of 85
Answer Stats
Mode Entity % Correct
Ambush
88%
Rush
88%
The Hotel Seek
88%
Timothy
88%
Bob
75%
Figure
75%
Jeff
75%
Sally
75%
Screech
75%
Blitz
63%
Grumble
63%
Hide
63%
Jack
63%
A-120
50%
The Rooms A-60
50%
Dread
50%
Eyes
50%
Giggle
50%
Guiding Light
50%
Lookman
50%
The Mines Queen Grumble
50%
Void
50%
A-90
38%
Dupe
38%
Miscellaneous Glitch
38%
The Outdoors Groundskeeper
38%
Halt
38%
The Backdoor Haste
38%
Surge
38%
Bramble
25%
2025 Christmas Event "Doors Cringle's Workshop" Cringle
25%
Curious Light
25%
Eyestalk
25%
Gloombats
25%
2023 April Fools "SUPER HARD MODE!!!" Jeff The Killer
25%
John Doe Figure
25%
Mandrake
25%
Noob Figure
25%
Seeking Wall
25%
Shadow
25%
Snare
25%
Subspace Tripmine
25%
Ao Oni
13%
AR0XMBUSH
13%
Boiled
13%
Caws
13%
2024 April Fools "Doors Retro Mode" Drakobloxxer
13%
Grabber
13%
Grampy
13%
Greed
13%
Is... Is That Ambush?
13%
Jeep Seek
13%
Klayman
13%
Louie
13%
Monument
13%
Retro Ambush
13%
Retro Bob
13%
Retro Eyes
13%
Retro Figure
13%
Retro Jeff
13%
Retro Rush
13%
Retro Screech
13%
RNIUSHCG==
13%
SCJVEREECH
13%
Steeth
13%
Stupid Horse
13%
The Symbiote
13%
Bat Caws
0%
Breeze Ambush
0%
Chaos Mode Chat
0%
El Gobling
0%
Grimkeeper
0%
Jack-O'-Lantern
0%
Krampus Figure
0%
Princess Sally
0%
Pumpdrake
0%
Retro El Gobling
0%
Rush Clones
0%
Snow Seek
0%
Soyjack
0%
Subzero Screech
0%
2025 Halloween Event "Doors Trick Or Treat" Treaters
0%
Wizard Grampy
0%
World Lotus
0%
World Pumpkin
0%
No matching quizzes found
Score Distribution
Percent of People with Each Score
Percentile by Number Answered
Your Score History
You have not taken this quiz